000 01658nam a22001457a 4500
999 _c521635
_d521635
008 230217b ||||| |||| 00| 0 eng d
100 _aHall, J.L., Shin G. and Bartels, C.
_937350
245 _aMeasuring the effect of performance management in local economic development policy: The case of tax increment finance districts in the Dallas-ft. worth metropolis
260 _aLocal Government Studies
300 _a48(4), Aug, 2022: p.628-654
520 _aDoes performance management use in local governments actually bring about performance improvement? If so, can performance be attributed to the use of particular tools or approaches? This study examines the particular performance measurement tools and approaches being utilised within Tax Increment Finance (TIF) districts in one metropolitan area – the Dallas-Ft. Worth Metroplex – to ascertain whether they are positively associated with district tax revenues and property valuations. We utilise archival analysis of TIF district records to identify the presence and characteristics of four conceptual types of activities: strategic planning, performance measurement, performance reporting, and performance management. We then develop predictive models to obtain quantitative evidence of the effectiveness of particular observed approaches. Our findings offer a comparative assessment of the value of various tools and approaches in the highly competitive policy field of economic development, with broader implications for performance management and public management in local governments. – Reproduced
773 _aLocal Government Studies
906 _aLOCAL GOVERNMENT
942 _cAR